[Event "HUN Team League Csongrad Region 2018-19 "]
[Site "Csongrád County"]
[Date "2019.03.03"]
[Round "7.1"]
[White "Varga, Gabor"]
[Black "Udvardi, Zalan"]
[Result "0-1"]
[WhiteElo "1824"]
[BlackElo "2131"]
[PlyCount "56"]
[EventDate "2018.09.30"]
[WhiteTeam "Meritum SE III."]
[BlackTeam "Szentesi Sakk SE II."]

1. e4 c5 2. Nf3 Nc6 3. d4 cxd4 4. Nxd4 e5 5. Nb5 Nf6 6. N1c3 d6 7. Bg5 a6 8.
Na3 b5 9. Nd5 Be7 10. Bxf6 Bxf6 11. c4 b4 12. Nc2 a5 13. Bd3 Bg5 14. O-O O-O
15. Qe2 Be6 16. f4 exf4 17. Nxf4 Bxf4 18. Rxf4 Ne5 19. Ne3 Qg5 20. Raf1 a4 21.
Nf5 b3 22. axb3 axb3 23. h4 Qd8 24. Kh1 Re8 25. Nd4 Bd7 26. h5 Qg5 27. Nxb3 Qg3
28. Nc1 Ra1 0-1

[Event "HUN Team League Csongrad Region 2018-19 "]
[Site "Csongrád County"]
[Date "2019.03.03"]
[Round "7.1"]
[White "Hajdu, Istvan"]
[Black "Farkas, Boldizsar"]
[Result "1-0"]
[WhiteElo "1854"]
[BlackElo "1644"]
[PlyCount "43"]
[EventDate "2018.09.30"]
[WhiteTeam "Szentesi Sakk SE II."]
[BlackTeam "Meritum SE III."]

1. e4 e6 2. d4 d5 3. Nd2 h6 4. Bd3 c5 5. c3 Nc6 6. exd5 exd5 7. Ne2 cxd4 8.
cxd4 Nf6 9. O-O Bd6 10. f4 Bg4 11. h3 Bh5 12. g4 Bxg4 13. hxg4 Nxg4 14. Nf3 g5
15. fxg5 hxg5 16. Kg2 Qc7 17. Rh1 Ke7 18. Bf5 Nh2 19. Nc3 Kf8 20. Nb5 Qb8 21.
Nxd6 Qxd6 22. Rxh2 1-0

[Event "HUN Team League Csongrad Region 2018-19 "]
[Site "Csongrád County"]
[Date "2019.03.03"]
[Round "7.1"]
[White "Filep, Miklos Sr."]
[Black "Cs. Kovacs, Laszlo"]
[Result "1/2-1/2"]
[WhiteElo "1526"]
[BlackElo "1824"]
[PlyCount "83"]
[EventDate "2018.09.30"]
[WhiteTeam "Meritum SE III."]
[BlackTeam "Szentesi Sakk SE II."]

1. f4 Nf6 2. b3 g6 3. Bb2 Bg7 4. Nf3 d6 5. e3 b6 6. Be2 Bb7 7. O-O O-O 8. Qe1
e6 9. Nc3 c5 10. Rb1 a6 11. h3 Nbd7 12. d3 b5 13. Nd2 Qb6 14. Bf3 Rae8 15. Bxb7
Qxb7 16. Qf2 Nb6 17. Nce4 Nxe4 18. Nxe4 Qc6 19. Bxg7 Kxg7 20. Qh4 f6 21. c4
bxc4 22. bxc4 Nxc4 23. Nxf6 Rxf6 24. dxc4 Qe4 25. Rfe1 Rf7 26. Rbc1 Rb7 27. Qf2
Reb8 28. Qc2 Qc6 29. Qd3 Rb2 30. Re2 Kf7 31. Rcc2 R2b4 32. Kf2 a5 33. e4 Rb1
34. f5 gxf5 35. exf5 e5 36. Qf3 Qxf3+ 37. Kxf3 Kf6 38. Ke4 Rd1 39. Rcd2 Rxd2
40. Rxd2 Rb6 41. g4 h6 42. h4 1/2-1/2

[Event "HUN Team League Csongrad Region 2018-19 "]
[Site "Csongrád County"]
[Date "2019.03.03"]
[Round "7.1"]
[White "Balatoni, Gyorgy"]
[Black "Fulop, Csilla"]
[Result "1/2-1/2"]
[WhiteElo "1685"]
[BlackElo "1461"]
[PlyCount "109"]
[EventDate "2018.09.30"]
[WhiteTeam "Szentesi Sakk SE II."]
[BlackTeam "Meritum SE III."]

1. c4 e6 2. Nc3 Nf6 3. e4 d5 4. e5 Nfd7 5. d4 dxc4 6. Bxc4 c5 7. Be3 cxd4 8.
Bxd4 Nc6 9. Nf3 Nxd4 10. Qxd4 Bc5 11. Qd2 O-O 12. Rd1 Qc7 13. Qe2 a6 14. O-O b5
15. Bd3 Bb7 16. Be4 Bxe4 17. Qxe4 h6 18. a3 Nb6 19. Rc1 Nc4 20. b4 Ba7 21. a4
bxa4 22. Nxa4 Qd7 23. Nc5 Bxc5 24. Rxc4 Be7 25. h3 Qb5 26. Ne1 Rac8 27. Rd4
Rfd8 28. Rxd8+ Rxd8 29. Nc2 Rb8 30. Rd1 Qe8 31. Rd4 Rb6 32. Rc4 Qb8 33. g3 Rb5
34. f4 a5 35. bxa5 Rd5 36. Qg2 Bc5+ 37. Kh2 Qb3 38. Qe2 Bg1+ 39. Kg2 Rd3 40.
Kxg1 Qxc4 41. Kf2 Rc3 42. Qxc4 Rxc4 43. Na3 Ra4 44. Nb5 Rxa5 45. Nd6 Kf8 46.
Ne4 Ke7 47. Kf3 f6 48. exf6+ gxf6 49. g4 Ra3+ 50. Kg2 e5 51. f5 Re3 52. Ng3
Rxg3+ 53. Kxg3 Kd6 54. Kf3 Kd5 55. Ke3 1/2-1/2

[Event "HUN Team League Csongrad Region 2018-19 "]
[Site "Csongrád County"]
[Date "2019.03.03"]
[Round "7.1"]
[White "Farkas, Virag"]
[Black "Kozak, Janos"]
[Result "1-0"]
[WhiteElo "1430"]
[BlackElo "1505"]
[PlyCount "59"]
[EventDate "2018.09.30"]
[WhiteTeam "Meritum SE III."]
[BlackTeam "Szentesi Sakk SE II."]

1. d4 d5 2. Bf4 Bf5 3. e3 e6 4. Nf3 Nf6 5. Nbd2 c5 6. c4 Nc6 7. cxd5 Qxd5 8.
Bc4 Qd8 9. Bb5 Rc8 10. dxc5 Bxc5 11. Ne5 Qa5 12. Bxc6+ bxc6 13. O-O Qb5 14. Re1
Rd8 15. Qc1 Bb4 16. Rd1 O-O 17. Nxc6 Rxd2 18. Rxd2 Bxd2 19. Ne7+ Kh8 20. Qxd2
Ne4 21. Qd4 Qe2 22. Bg3 Nxg3 23. hxg3 Bd3 24. Nc6 Ra8 25. Nxa7 h6 26. Nc6 f6
27. Nb4 e5 28. Qd5 Ra4 29. Qd8+ Kh7 30. Qxd3+ 1-0

[Event "HUN Team League Csongrad Region 2018-19 "]
[Site "Csongrád County"]
[Date "2019.03.03"]
[Round "7.1"]
[White "Kelecsenyi, Miklos"]
[Black "Tamas, Attila"]
[Result "1-0"]
[WhiteElo "1457"]
[BlackElo "1316"]
[PlyCount "57"]
[EventDate "2018.09.30"]
[WhiteTeam "Szentesi Sakk SE II."]
[BlackTeam "Meritum SE III."]

1. e4 g6 2. Nf3 Bg7 3. Bc4 e6 4. Nc3 b6 5. d4 Bb7 6. d5 Bxc3+ 7. bxc3 exd5 8.
Bxd5 Bxd5 9. Qxd5 c6 10. Qe5+ Qe7 11. Qxh8 Qxe4+ 12. Be3 Kf8 13. O-O g5 14.
Nxg5 Qg6 15. Nxh7+ Ke7 16. Rfe1 Kd8 17. Bd4 Kc7 18. Re8 Nh6 19. Qg7 Qxg7 20.
Bxg7 Nf5 21. Be5+ Kb7 22. Rxb8+ Rxb8 23. Bxb8 Kxb8 24. g4 Ng7 25. h4 Kc7 26.
Re1 Ne6 27. Ng5 Nf4 28. Nxf7 Ng6 29. h5 1-0

[Event "HUN Team League Csongrad Region 2018-19 "]
[Site "Csongrád County"]
[Date "2019.03.03"]
[Round "7.2"]
[White "Csuri, Laszlo"]
[Black "Borus, Andras"]
[Result "1/2-1/2"]
[WhiteElo "2027"]
[BlackElo "2014"]
[PlyCount "33"]
[EventDate "2018.09.30"]
[WhiteTeam "Röszkei SK"]
[BlackTeam "Maróczy Géza SE IV."]

1. e4 c5 2. Nf3 d6 3. d4 cxd4 4. Nxd4 Nf6 5. Nc3 a6 6. Bg5 e6 7. f4 Be7 8. Qf3
Qc7 9. O-O-O Nbd7 10. Qg3 h6 11. Bh4 g5 12. fxg5 Nh5 13. Qf2 hxg5 14. Bg3 Nxg3
15. Qxg3 Ne5 16. Nf3 Nxf3 17. gxf3 1/2-1/2

[Event "HUN Team League Csongrad Region 2018-19 "]
[Site "Csongrád County"]
[Date "2019.03.03"]
[Round "7.2"]
[White "Tenk, Zoltan"]
[Black "Retkes, Sandor"]
[Result "0-1"]
[WhiteElo "1913"]
[BlackElo "1942"]
[PlyCount "140"]
[EventDate "2018.09.30"]
[WhiteTeam "Maróczy Géza SE IV."]
[BlackTeam "Röszkei SK"]

1. d4 g6 2. e4 Bg7 3. Be3 d6 4. Nf3 a6 5. Qd2 b5 6. Nc3 Bb7 7. a3 Nd7 8. d5 h6
9. Nd4 Ne5 10. Be2 c5 11. dxc6 Nxc6 12. O-O Rc8 13. Rad1 Nf6 14. f4 Na5 15. e5
Ne4 16. Nxe4 Bxe4 17. exd6 exd6 18. f5 Nc4 19. Bxc4 Rxc4 20. fxg6 Bxd4 21. Bxd4
Rxc2 22. gxf7+ Kf8 23. Qxc2 Bxc2 24. Rde1 Rh7 25. Re8+ Qxe8 26. fxe8=Q+ Kxe8
27. Rc1 Be4 28. g3 Kd7 29. Bb6 Bc6 30. g4 Rg7 31. h3 h5 32. Kf2 hxg4 33. hxg4
Rxg4 34. b4 Rg2+ 35. Kf1 Rh2 36. Rc3 Ra2 37. Ke1 Bd5 38. Kd1 Bc4 39. Kc1 Kc6
40. Bd8 Kd5 41. Bc7 Rg2 42. Rh3 Kc6 43. Bd8 d5 44. Rh6+ Kd7 45. Ba5 Rg3 46.
Rxa6 Rxa3 47. Rh6 Ra2 48. Bb6 Ra1+ 49. Kc2 Ra2+ 50. Kc3 Ra3+ 51. Kc2 Rg3 52.
Bc5 Bd3+ 53. Kd2 Bg6 54. Rh8 d4 55. Rh4 Rg2+ 56. Ke1 d3 57. Rd4+ Kc7 58. Bd6+
Kc6 59. Bf4 Re2+ 60. Kf1 Bf5 61. Rd6+ Kb7 62. Kg1 Re4 63. Bd2 Kc7 64. Rd5 Rg4+
65. Kf2 Be4 66. Rxb5 Rg2+ 67. Ke3 Re2+ 68. Kd4 Bc6 69. Rc5 Rxd2 70. b5 Rc2 0-1

[Event "HUN Team League Csongrad Region 2018-19 "]
[Site "Csongrád County"]
[Date "2019.03.03"]
[Round "7.2"]
[White "Nagy Dani, Karoly"]
[Black "Pluhar, Andras"]
[Result "0-1"]
[WhiteElo "1813"]
[BlackElo "1875"]
[PlyCount "129"]
[EventDate "2018.09.30"]
[WhiteTeam "Röszkei SK"]
[BlackTeam "Maróczy Géza SE IV."]

1. Nf3 Nf6 2. c4 g6 3. Nc3 Bg7 4. d4 d5 5. e3 c6 6. cxd5 cxd5 7. Be2 O-O 8. O-O
Bg4 9. b3 Nc6 10. Bb2 Rc8 11. Rc1 Re8 12. h3 Bxf3 13. Bxf3 a6 14. Na4 b5 15.
Nc5 Qb6 16. Nd3 e6 17. Ba3 b4 18. Bb2 Rc7 19. Qe1 a5 20. Nc5 Rec8 21. Qe2 Nb8
22. Na4 Qa6 23. Rxc7 Rxc7 24. Qxa6 Nxa6 25. Rc1 Rxc1+ 26. Bxc1 Bf8 27. Be2 Nb8
28. Nc5 Bxc5 29. dxc5 Ne4 30. Bb2 Nxc5 31. Bb5 Nbd7 32. f3 f6 33. Kf1 Kf7 34.
Ke2 e5 35. h4 Nb6 36. g4 Nc8 37. Bc1 Nd6 38. Bc6 Ke6 39. h5 gxh5 40. gxh5 e4
41. Bb2 Nd3 42. Bd4 Nc1+ 43. Kf2 Nd3+ 44. Ke2 Ne5 45. Ba4 exf3+ 46. Kf2 Ne4+
47. Kg1 f2+ 48. Kg2 Nd3 49. Bb5 Nc1 50. Bb6 Nxa2 51. Bxa5 Kd6 52. Bd3 Kc5 53.
Bd8 f5 54. Be7+ Kc6 55. Bh4 Kd6 56. h6 Nc1 57. Bc2 Nxb3 58. Bxf2 Nbd2 59. Bd3
b3 60. Bg3+ Nxg3 61. Kxg3 Ke5 62. Kf2 b2 63. Ke2 b1=Q 64. Kxd2 Qh1 65. Be2 0-1

[Event "HUN Team League Csongrad Region 2018-19 "]
[Site "Csongrád County"]
[Date "2019.03.03"]
[Round "7.2"]
[White "Blazsik, Zoltan"]
[Black "Ver, Imre"]
[Result "1/2-1/2"]
[WhiteElo "1675"]
[BlackElo "1706"]
[PlyCount "26"]
[EventDate "2018.09.30"]
[WhiteTeam "Maróczy Géza SE IV."]
[BlackTeam "Röszkei SK"]

1. e4 d6 2. Nf3 Nf6 3. Nc3 Bg4 4. d4 Nc6 5. Be3 e5 6. Bb5 Bd7 7. O-O Be7 8. Re1
O-O 9. Bxc6 Bxc6 10. d5 Bd7 11. h3 h6 12. Nd2 Kh7 13. Kh2 Ng8 1/2-1/2

[Event "HUN Team League Csongrad Region 2018-19 "]
[Site "Csongrád County"]
[Date "2019.03.03"]
[Round "7.2"]
[White "Bartos, Ferenc"]
[Black "Veres, Sandor"]
[Result "1/2-1/2"]
[WhiteElo "1742"]
[BlackElo "1493"]
[PlyCount "34"]
[EventDate "2018.09.30"]
[WhiteTeam "Röszkei SK"]
[BlackTeam "Maróczy Géza SE IV."]

1. e4 e6 2. Qe2 d6 3. Nc3 Nc6 4. f4 Bd7 5. Nf3 a6 6. d3 Na7 7. g3 c5 8. Bg2 Nc6
9. Be3 Nge7 10. O-O Qb6 11. Na4 Qa5 12. b3 b5 13. Bd2 Qc7 14. Nc3 Nd4 15. Qd1
Rc8 16. Ne2 e5 17. f5 Bc6 1/2-1/2

[Event "HUN Team League Csongrad Region 2018-19 "]
[Site "Csongrád County"]
[Date "2019.03.03"]
[Round "7.2"]
[White "Gyemant, Karoly"]
[Black "Sipos, Kalman"]
[Result "1-0"]
[WhiteElo "1586"]
[BlackElo "1686"]
[PlyCount "115"]
[EventDate "2018.09.30"]
[WhiteTeam "Maróczy Géza SE IV."]
[BlackTeam "Röszkei SK"]

1. e4 c5 2. d3 Nc6 3. f4 d5 4. e5 Bf5 5. Nf3 h6 6. Be2 e6 7. O-O Nge7 8. Kh1
Bh7 9. Rg1 Nf5 10. g4 Nfd4 11. c3 Nxe2 12. Qxe2 d4 13. c4 Be7 14. Nbd2 Nb4 15.
Ne1 Bh4 16. Ne4 Bxe4+ 17. Qxe4 Bxe1 18. Rxe1 Nc2 19. Bd2 Nxa1 20. Rxa1 Qh4 21.
Qxb7 O-O 22. Qg2 Rab8 23. b3 Kh8 24. g5 Qh5 25. Rg1 Rg8 26. h3 f6 27. Kh2 fxe5
28. fxe5 Rbf8 29. Rf1 Rxf1 30. Qxf1 hxg5 31. b4 g4 32. Kg3 cxb4 33. hxg4 Qh7
34. Bxb4 Qh6 35. Qf2 Rd8 36. Qh2 Kh7 37. Qxh6+ Kxh6 38. Kf4 Kg6 39. Bc5 a6 40.
Bd6 Rd7 41. c5 Rf7+ 42. Ke4 Kg5 43. Kxd4 Rf1 44. c6 Rc1 45. Bc5 Rh1 46. c7 Rh8
47. Be7+ Kxg4 48. Bd8 Rf8 49. c8=Q Rf4+ 50. Kc3 Kf5 51. Qxa6 g5 52. d4 Rf3+ 53.
Kd2 g4 54. Ke2 Rf4 55. Qd3+ Re4+ 56. Kf2 Kf4 57. Bg5+ Kf5 58. Kg3 1-0

[Event "HUN Team League Csongrad Region 2018-19 "]
[Site "Csongrád County"]
[Date "2019.03.03"]
[Round "7.2"]
[White "Abraham, Lajos"]
[Black "Koszo, Ferenc"]
[Result "1-0"]
[WhiteElo "1653"]
[BlackElo "1360"]
[PlyCount "49"]
[EventDate "2018.09.30"]
[WhiteTeam "Röszkei SK"]
[BlackTeam "Maróczy Géza SE IV."]

1. c4 c6 2. d4 d5 3. e3 e6 4. a3 a5 5. Nc3 Nf6 6. h3 Bd6 7. Nf3 Nbd7 8. Bd3 h6
9. O-O O-O 10. Bd2 b6 11. e4 dxe4 12. Nxe4 Nxe4 13. Bxe4 Qc7 14. Rc1 Nf6 15.
Bb1 Bf4 16. Bxf4 Qxf4 17. Qc2 Rd8 18. Rcd1 Bb7 19. Qb3 b5 20. Rfe1 Ba6 21. c5
Ra7 22. Ne5 Rxd4 23. Rxd4 Qxd4 24. Rd1 Qxe5 25. Rd8+ 1-0

[Event "HUN Team League Csongrad Region 2018-19 "]
[Site "Csongrád County"]
[Date "2019.03.03"]
[Round "7.3"]
[White "Gyugyi, Peter"]
[Black "Megyaszai, Balazs"]
[Result "1/2-1/2"]
[WhiteElo "1962"]
[BlackElo "1908"]
[PlyCount "36"]
[EventDate "2018.09.30"]
[WhiteTeam "Üllési ISE"]
[BlackTeam "Maróczy Géza SE V."]

1. e4 c5 2. Nc3 d6 3. g3 Nc6 4. Bg2 e6 5. d3 Bd7 6. Be3 Be7 7. f4 Nf6 8. h3 Rb8
9. Nf3 a6 10. O-O O-O 11. Ne2 b5 12. c3 c4 13. dxc4 bxc4 14. Nd2 d5 15. b3 cxb3
16. axb3 a5 17. e5 Ne8 18. Qc2 Nc7 1/2-1/2

[Event "HUN Team League Csongrad Region 2018-19 "]
[Site "Csongrád County"]
[Date "2019.03.03"]
[Round "7.3"]
[White "Kocsmar, Akos"]
[Black "Papp, Zoltan"]
[Result "1/2-1/2"]
[WhiteElo "1761"]
[BlackElo "1838"]
[PlyCount "25"]
[EventDate "2018.09.30"]
[WhiteTeam "Maróczy Géza SE V."]
[BlackTeam "Üllési ISE"]

1. d4 d5 2. c4 c6 3. Nf3 Nf6 4. Nc3 e6 5. Bg5 Be7 6. e3 h6 7. Bh4 Nbd7 8. Bd3
O-O 9. O-O dxc4 10. Bxc4 b5 11. Bd3 Bb7 12. Rc1 b4 13. Ne2 1/2-1/2

[Event "HUN Team League Csongrad Region 2018-19 "]
[Site "Csongrád County"]
[Date "2019.03.03"]
[Round "7.3"]
[White "Benke, Andras"]
[Black "Kis, Izabella"]
[Result "1/2-1/2"]
[WhiteElo "1785"]
[BlackElo "1456"]
[PlyCount "40"]
[EventDate "2018.09.30"]
[WhiteTeam "Üllési ISE"]
[BlackTeam "Maróczy Géza SE V."]

1. c4 c5 2. Nf3 g6 3. g3 Bg7 4. Bg2 Nc6 5. O-O Nf6 6. Nc3 O-O 7. e3 d5 8. cxd5
Nxd5 9. Nxd5 Qxd5 10. Nd4 Qd6 11. Nxc6 bxc6 12. Qa4 Bd7 13. Rd1 Rab8 14. Rb1
Bf5 15. e4 Bg4 16. Re1 Qd3 17. Ra1 Bxb2 18. Bxb2 Rxb2 19. Qxa7 Qd4 20. Qa3 Rxd2
1/2-1/2

[Event "HUN Team League Csongrad Region 2018-19 "]
[Site "Csongrád County"]
[Date "2019.03.03"]
[Round "7.3"]
[White "Vajna, Zsolt"]
[Black "Molnar, Jeno"]
[Result "0-1"]
[WhiteElo "1324"]
[BlackElo "1606"]
[PlyCount "74"]
[EventDate "2018.09.30"]
[WhiteTeam "Maróczy Géza SE V."]
[BlackTeam "Üllési ISE"]

1. d4 Nf6 2. c4 g6 3. Bf4 Bg7 4. Qc1 d6 5. Bh6 O-O 6. Bxg7 Kxg7 7. Nc3 c5 8. e3
Nc6 9. Qd2 cxd4 10. exd4 Bf5 11. Nf3 Re8 12. Be2 e5 13. Nh4 Bd7 14. dxe5 Nxe5
15. O-O Bc6 16. f4 Qb6+ 17. Kh1 Neg4 18. Bf3 Ne3 19. Nd5 Bxd5 20. Bxd5 Nxf1 21.
Rxf1 Nxd5 22. cxd5 Qe3 23. Nf3 Qxd2 24. Nxd2 Re2 25. Nc4 Rd8 26. a4 a6 27. Rb1
b5 28. axb5 axb5 29. Nb6 Rde8 30. Kg1 Re1+ 31. Rxe1 Rxe1+ 32. Kf2 Rb1 33. Nc8
Rxb2+ 34. Ke3 Rxg2 35. Nxd6 b4 36. Nc4 Rxh2 37. d6 Kf8 0-1

[Event "HUN Team League Csongrad Region 2018-19 "]
[Site "Csongrád County"]
[Date "2019.03.03"]
[Round "7.3"]
[White "Heintz, Sebestyen"]
[Black "Herczeg, Zsofia"]
[Result "1-0"]
[WhiteElo "1661"]
[BlackElo "1247"]
[PlyCount "69"]
[EventDate "2018.09.30"]
[WhiteTeam "Üllési ISE"]
[BlackTeam "Maróczy Géza SE V."]

1. e4 e5 2. Nf3 Nc6 3. Bc4 Bc5 4. d3 h6 5. c3 Bb6 6. b4 d6 7. Qb3 Qe7 8. h3 Be6
9. a4 a6 10. a5 Ba7 11. b5 axb5 12. Qxb5 Rb8 13. Bd5 Bd7 14. Qb3 Nf6 15. O-O b5
16. axb6 Bxb6 17. Qa2 Nxd5 18. exd5 Na5 19. Be3 Bxe3 20. fxe3 Nb7 21. Qa7 O-O
22. Nbd2 Nc5 23. Qxc7 Rfc8 24. Qa7 Qd8 25. Qa3 Ra8 26. Qb4 Rcb8 27. Rxa8 Rxa8
28. d4 Ra4 29. Qb1 e4 30. Nh2 Na6 31. Qxe4 Qa5 32. Qe7 Bb5 33. Rxf7 Kh7 34.
Rxg7+ Kh8 35. Qf8# 1-0

[Event "HUN Team League Csongrad Region 2018-19 "]
[Site "Csongrád County"]
[Date "2019.03.03"]
[Round "7.3"]
[White "Herczeg, Viktoria"]
[Black "Gabor, Geza"]
[Result "0-1"]
[WhiteElo "1182"]
[BlackElo "1557"]
[PlyCount "96"]
[EventDate "2018.09.30"]
[WhiteTeam "Maróczy Géza SE V."]
[BlackTeam "Üllési ISE"]

1. e4 e5 2. Nf3 Nc6 3. Bc4 Nf6 4. Ng5 d5 5. exd5 Nxd5 6. Nxf7 Kxf7 7. Qf3+ Ke8
8. Bxd5 Qf6 9. d3 Qxf3 10. Bxf3 Nd4 11. Na3 Bxa3 12. bxa3 Nxc2+ 13. Kd2 Nxa1
14. Bb2 c6 15. Bxe5 Rg8 16. Rxa1 Kf7 17. Bd1 Rd8 18. Bb3+ Be6 19. Bxe6+ Kxe6
20. Bxg7 Rg8 21. Re1+ Kd7 22. Be5 Rae8 23. g3 b5 24. d4 a6 25. f4 Ke6 26. Rc1
Rc8 27. Rc5 h5 28. Ke3 Kf5 29. Kf3 Rgd8 30. Bc7+ Rd5 31. Be5 Rxc5 32. dxc5 Rd8
33. Bd6 a5 34. h3 Rg8 35. Bc7 a4 36. Bd6 Rg7 37. Be5 Rg6 38. Bd6 Rg8 39. Be7
Re8 40. Bd6 Re1 41. Be5 Rf1+ 42. Kg2 Rc1 43. Kf3 Rf1+ 44. Kg2 Rd1 45. Bc3 Rd3
46. Bb4 Re3 47. Kf2 Ke4 48. h4 Rd3 0-1

[Event "HUN Team League Csongrad Region 2018-19 "]
[Site "Csongrád County"]
[Date "2019.03.03"]
[Round "7.3"]
[White "Hodi, Adam"]
[Black "Herpai, Jozsef Matyas"]
[Result "1-0"]
[WhiteElo "1206"]
[BlackElo "1140"]
[PlyCount "113"]
[EventDate "2018.09.30"]
[WhiteTeam "Üllési ISE"]
[BlackTeam "Maróczy Géza SE V."]

1. e4 c5 2. Nf3 d6 3. c3 Nc6 4. d4 b6 5. Bb5 Bd7 6. d5 Nb8 7. Bxd7+ Nxd7 8. O-O
Ngf6 9. Qe2 Ne5 10. Nxe5 dxe5 11. Qb5+ Qd7 12. Qxd7+ Nxd7 13. Be3 Nf6 14. Nd2
O-O-O 15. c4 Ng4 16. h3 Nxe3 17. fxe3 f6 18. a3 e6 19. Nf3 exd5 20. exd5 Bd6
21. e4 g5 22. Nd2 Rhf8 23. g4 Rd7 24. Rab1 Rh8 25. Rxf6 h5 26. gxh5 Rxh5 27.
Kg2 Kc7 28. Rg6 Rf7 29. Rf1 Rd7 30. Nf3 Be7 31. Nxe5 Rd6 32. Rg7 Kb7 33. Rxe7+
Ka6 34. Rf5 Rdh6 35. Nf7 Rh7 36. Ree5 Rxh3 37. Nxg5 Rh2+ 38. Kg3 Rh8 39. Rf2
R2h5 40. Kg4 Rh4+ 41. Kg3 R4h5 42. Kg4 Rh4+ 43. Kf5 Rf8+ 44. Ke6 Rxf2 45. d6
Rd2 46. Ke7 Kb7 47. d7 Kc7 48. Ne6+ Kc6 49. d8=Q Rh7+ 50. Kf6 Rxd8 51. Nxd8+
Kc7 52. Re7+ Rxe7 53. Kxe7 Kc8 54. e5 Kc7 55. e6 a6 56. Ke8 Kd6 57. Kf7 1-0

[Event "HUN Team League Csongrad Region 2018-19 "]
[Site "Csongrád County"]
[Date "2019.03.03"]
[Round "7.4"]
[White "Papp, Bence"]
[Black "Balogh, Ferenc"]
[Result "1/2-1/2"]
[WhiteElo "2002"]
[BlackElo "1928"]
[PlyCount "47"]
[EventDate "2018.09.30"]
[WhiteTeam "Meritum SE II."]
[BlackTeam "Maróczy Géza SE VI."]

1. e4 c5 2. Nf3 a6 3. d4 cxd4 4. Nxd4 e6 5. Nc3 Qc7 6. a3 Nc6 7. Be3 Nf6 8. Be2
d6 9. f4 Bd7 10. O-O Be7 11. Kh1 Nxd4 12. Bxd4 e5 13. Be3 Be6 14. Nd5 Bxd5 15.
exd5 Nd7 16. c4 Bf6 17. Ra2 exf4 18. Bxf4 Be5 19. Bg5 Bf6 20. Bf4 Be5 21. Be3
O-O 22. b3 b6 23. Bd3 g6 24. a4 1/2-1/2

[Event "HUN Team League Csongrad Region 2018-19 "]
[Site "Csongrád County"]
[Date "2019.03.03"]
[Round "7.4"]
[White "Tornyai, Jeno"]
[Black "Csikos, Mihaly"]
[Result "0-1"]
[WhiteElo "1914"]
[BlackElo "2037"]
[PlyCount "46"]
[EventDate "2018.09.30"]
[WhiteTeam "Maróczy Géza SE VI."]
[BlackTeam "Meritum SE II."]

1. h4 d5 2. d4 c5 3. Nf3 Nc6 4. Bf4 Nf6 5. c3 e6 6. e3 Bd6 7. Ne5 Qc7 8. Bb5
O-O 9. Bxc6 bxc6 10. Nd2 Ba6 11. Nb3 cxd4 12. exd4 Ne4 13. Qg4 Rae8 14. f3 f6
15. fxe4 fxe5 16. dxe5 Bxe5 17. Bxe5 Qxe5 18. O-O-O Rf4 19. Qh3 Be2 20. Rde1
Rxe4 21. Nc5 Re3 22. Qh2 Rxc3+ 23. Kd2 Qe3# 0-1

[Event "HUN Team League Csongrad Region 2018-19 "]
[Site "Csongrád County"]
[Date "2019.03.03"]
[Round "7.4"]
[White "Palotai, Bendeguz"]
[Black "Elekes, Lajos"]
[Result "1-0"]
[WhiteElo "1979"]
[BlackElo "1354"]
[PlyCount "69"]
[EventDate "2018.09.30"]
[WhiteTeam "Meritum SE II."]
[BlackTeam "Maróczy Géza SE VI."]

1. c4 c5 2. Nc3 g6 3. Nf3 Bg7 4. d4 cxd4 5. Nxd4 Nf6 6. e4 e5 7. Nc2 a6 8. Be2
d6 9. O-O Nc6 10. Be3 O-O 11. f3 Be6 12. Qd2 Rc8 13. Rfd1 Ne8 14. Nd5 Bxd5 15.
Qxd5 Qc7 16. Rac1 Ne7 17. Qd3 f5 18. Qb3 Kh8 19. Nb4 f4 20. Bf2 Nf6 21. c5 Qd7
22. Rc2 Ne8 23. Rcd2 Nc6 24. Nd5 Nd4 25. Bxd4 exd4 26. Nb6 Qc6 27. Nxc8 Qxc8
28. cxd6 Nxd6 29. Rc2 Qb8 30. a4 Qa7 31. Bd3 b5 32. Rc6 Rd8 33. Qe6 Ne8 34.
Rdc1 bxa4 35. Rc8 1-0

[Event "HUN Team League Csongrad Region 2018-19 "]
[Site "Csongrád County"]
[Date "2019.03.03"]
[Round "7.4"]
[White "Vadkerti, Vince"]
[Black "Farkas, Sandor"]
[Result "0-1"]
[WhiteElo "1389"]
[BlackElo "1903"]
[PlyCount "58"]
[EventDate "2018.09.30"]
[WhiteTeam "Maróczy Géza SE VI."]
[BlackTeam "Meritum SE II."]

1. e4 c5 2. Nc3 e6 3. Bc4 a6 4. a4 Nc6 5. f4 d6 6. Nf3 Nf6 7. d3 Be7 8. O-O O-O
9. Ng5 d5 10. Bb3 h6 11. Nf3 b6 12. e5 Ne8 13. Ne1 Nd4 14. Qh5 Kh7 15. Nf3
Nxf3+ 16. Rxf3 c4 17. Rh3 f5 18. dxc4 dxc4 19. Ba2 b5 20. Be3 b4 21. Ne2 Qc7
22. Rf1 Bb7 23. Nd4 Bd5 24. Nf3 Bxf3 25. Rfxf3 Bc5 26. Bxc5 Qxc5+ 27. Kh1 Qd5
28. Rd3 cxd3 29. Bxd5 dxc2 0-1

[Event "HUN Team League Csongrad Region 2018-19 "]
[Site "Csongrád County"]
[Date "2019.03.03"]
[Round "7.4"]
[White "Fabian, Istvan"]
[Black "Puskas, Mihaly"]
[Result "0-1"]
[WhiteElo "1750"]
[BlackElo "1346"]
[PlyCount "94"]
[EventDate "2018.09.30"]
[WhiteTeam "Meritum SE II."]
[BlackTeam "Maróczy Géza SE VI."]

1. Nf3 d5 2. g3 Nc6 3. d4 Bf5 4. a3 Nf6 5. Bg2 Qd7 6. Ne5 Nxe5 7. dxe5 Ne4 8.
b4 h6 9. Nd2 Nc3 10. Nb3 Nxd1 11. Kxd1 e6 12. Bb2 Be7 13. Rc1 g5 14. e3 g4 15.
Ke2 Qb5+ 16. c4 dxc4 17. Nd4 Bd3+ 18. Kd2 Qb6 19. b5 O-O-O 20. Bc3 Bxa3 21. Ra1
Qc5 22. Ra2 Bb4 23. Rha1 Bxc3+ 24. Kxc3 Kb8 25. b6 a6 26. Rxa6 bxa6 27. Rxa6
Rd5 28. Bxd5 Qxd5 29. Ra7 cxb6 30. Ra4 Kb7 31. Kb4 Ra8 32. Rxa8 Kxa8 33. Kc3
Qxe5 34. Kb2 b5 35. Kc3 Kb7 36. Kb4 Kb6 37. Kc3 Kc5 38. Kd2 b4 39. Kc1 Qxd4 40.
exd4+ Kxd4 41. Kb2 c3+ 42. Kb3 c2 43. Kb2 Kc4 44. Kc1 b3 45. Kb2 Kb4 46. Kc1
Ka3 47. Kd2 b2 0-1

[Event "HUN Team League Csongrad Region 2018-19 "]
[Site "Csongrád County"]
[Date "2019.03.03"]
[Round "7.4"]
[White "Szamko, Balint"]
[Black "Kantor, Robert Jr."]
[Result "0-1"]
[WhiteElo "1114"]
[BlackElo "1169"]
[PlyCount "100"]
[EventDate "2018.09.30"]
[WhiteTeam "Maróczy Géza SE VI."]
[BlackTeam "Meritum SE II."]

1. e4 e5 2. Nf3 Nc6 3. Bb5 a6 4. Bxc6 dxc6 5. O-O Bd6 6. Nc3 Nf6 7. d4 exd4 8.
Nxd4 Be5 9. Nf5 Bxf5 10. exf5 O-O 11. Re1 Bxc3 12. bxc3 Qxd1 13. Rxd1 Rad8 14.
Bg5 h6 15. Bxf6 gxf6 16. Rxd8 Rxd8 17. h3 Rd2 18. Rb1 b6 19. Rb2 Rd5 20. g4 h5
21. f3 Kg7 22. Kg2 Kh6 23. Kg3 Rc5 24. Rb3 Rc4 25. a3 Rc5 26. Kf4 h4 27. a4
Rc4+ 28. Ke3 Rxa4 29. Rb4 Rxb4 30. cxb4 a5 31. c3 a4 32. Kd3 a3 33. Kc2 Kg5 34.
Kb3 Kf4 35. Kxa3 Kxf3 36. Ka4 Kg3 37. b5 c5 38. Kb3 Kxh3 39. Kc4 Kxg4 40. Kd3
h3 41. Ke2 h2 42. Kf2 h1=Q 43. Ke3 Qf3+ 44. Kd2 c4 45. Kc2 Qe2+ 46. Kb1 Kf3 47.
Ka1 Ke3 48. Kb1 Kd3 49. Ka1 Kxc3 50. Kb1 Qb2# 0-1

[Event "HUN Team League Csongrad Region 2018-19 "]
[Site "Csongrád County"]
[Date "2019.03.03"]
[Round "7.5"]
[White "Martonosi, Adam"]
[Black "Adok, Janos"]
[Result "1/2-1/2"]
[WhiteElo "1911"]
[BlackElo "2213"]
[PlyCount "41"]
[EventDate "2018.09.30"]
[WhiteTeam "Makói SVSE III."]
[BlackTeam "Vásárhelyi Pákozdy FSSE"]

1. c4 c5 2. Nc3 Nf6 3. Nf3 d5 4. cxd5 Nxd5 5. g3 Nc6 6. Bg2 e5 7. O-O Nc7 8. a3
Be6 9. b4 cxb4 10. axb4 a6 11. Rb1 Nb5 12. Bb2 f6 13. Qa4 Bc4 14. d3 Nxc3 15.
Bxc3 Bb5 16. Qa2 Bd6 17. d4 Qe7 18. dxe5 fxe5 19. Rfe1 O-O-O 20. Qb2 Rhe8 21.
e3 1/2-1/2